000 00481nam a2200181Ia 4500
008 240925s9999 xx 000 0 und d
020 _a471625736
082 _a621.3 JOH
100 _aJohnk, Carl. T.A
245 0 _aEngineering electromagnetic fields and waves
250 _a2nd
260 _aNew York:
_bJohn Wiley & Sons
_c,1988.
300 _axvi,855p.
_bNA
_fOriginal
500 _aIncludes Index
600 _aElectronic Engineering
650 _aTechnology
942 _cBK
999 _c2713
_d2713